000 01172nam0a22002891 4500
001 rc\2249823
005 20250623100155.0
035 _a(NLR Aleph) 006712932
090 _a5362062
_c5362062
100 _a20110829d1979 |||y0rusy50 ca
101 0 _arus
102 _aRU
105 _aa z |||||
200 1 _aГидротехнические сооружения мелиоративных систем
_e[Сб. статей
_fНауч. ред. В.И. Ольгаренко]
210 _aНовочеркасск
_cЮжНИИГИМ
_d1979
215 _a124 с.
_cил.
_d20
225 1 _aСборник научных трудов
_fЮж. НИИ гидротехники и мелиорации
_vВып. 39
320 _aБиблиогр. в конце статей
606 _aОросительные системы
_jСборники
_xГидротехнические сооружения
_2psbo
702 1 _aОльгаренко
_bВ.И.
_gВладимир Иванович
_4340
801 0 _aRU
_bNLR
_gpsbo
801 1 _aRU
_bELAR
_2rusmarc
852 _aNLR
_jП14/479
899 _aRuMoRGB
_jV 542/133
899 _aRuMoRGB
_jV 542/135
942 _cBOOK
980 _aNB